00356nam a2200145Ia 4500008004100000020001500041041000800056082001800064100001700082245003500099250000600134260004400140300001100184650001500195210716s2006 xx 000 0 und d a8131401707 aeng a658.4092 RAMV aRamani, V V. aLeadeship and HR perspectives. a1 aHyderabadbICFAI University Pressc2006 aix,197 aLeadership